| 000 | 00856nam a2200289Ia 4500 | ||
|---|---|---|---|
| 001 | Para_4641 | ||
| 003 | CHAP | ||
| 008 | 220125s1934 xx 000 0 und d | ||
| 010 | _a203161 | ||
| 040 | _cCHAP | ||
| 090 | _aPA FOLLETO 1982 | ||
| 100 |
_aWilcox, J _9121898 |
||
| 245 |
_aThe root-weevils injurious to strawberries in Oregon / _c J. Wilcox, Don C. Mote, and Leroy Childs |
||
| 260 |
_aCorvallis : _b Oregon State Agr. College |
||
| 300 | _a109 p. : ilus. | ||
| 440 |
_aOregon. Agr. Exp. Sta. Bull.; 330 _9168796 |
||
| 650 |
_aFresa _x Plagas Brachyrhinus _9168797 |
||
| 700 |
_aChilds, Leroy _922329 |
||
| 700 |
_aMote, Don C. _979084 |
||
| 901 | _aPA FOLLETO 1982 | ||
| 902 | _aA | ||
| 905 | _a0000001934 COR 0000000000 00 | ||
| 910 | _a1934 | ||
| 942 | _cPARA | ||
| 942 |
_cPARA _d1 |
||
| 999 |
_c203161 _d203161 |
||